Loading...
Asylum Law ;first international judicial conference
| Published: |
London
The Steering Committe of Judicial Conferene on Asylum law
1995
|
|---|---|
| Subjects: |
| LEADER | 00481nam a22001337a 4500 | ||
|---|---|---|---|
| 020 | |a 09527728 0 9 | ||
| 074 | |a 2325 | ||
| 082 | |a 342.083 ASY'95 | ||
| 245 | |a Asylum Law |b ;first international judicial conference | ||
| 260 | |a London |b The Steering Committe of Judicial Conferene on Asylum law |c 1995 | ||
| 300 | |a xv,227p. | ||
| 653 | |a Refugees |a Law | ||
| 999 | |c 4758 |d 4758 | ||
| 952 | |0 0 |1 0 |2 udc |4 0 |6 342083_ASY95 |7 0 |9 6041 |a NUALS |b NUALS |d 2010-05-21 |l 0 |o 342.083 ASY'95 |p 2325 |r 2010-05-21 |t 1 |w 2010-05-21 |y VRK | ||